000 00520nam a2200217 a 4500
999 _c6489
_d6489
001 6489
003 BD-JhCC
005 20180123200528.0
008 180123s eng |||| ||a| 000 0 eng d
035 _a(BD-JhCC)6489
040 _aBD-JhCC
_dBD-JhCC
041 _aeng
082 _a823.91
_bAND
100 _aAndeae, Brian
245 _aThe Double Trap /
_cBrian Andeae
260 _aCanada
_bBlackie & Son Limited
300 _a220 p. :
_c21 cm.
650 _aEnglish Fiction
942 _2ddc
_cBK